000
00258nam a22001097a 4500
008
170123b xxu||||| |||| 00| 0 eng d
020
_a
9780138024611
041
_a
eng
080
_2
9TH
_a
618.2
245
_a
FUNDAMENTALS OF NURSING
_c
BERMAN, A
942
_2
udc
_c
BK
999
_c
3361
_d
3361